Guess the horror movie(difficulty:meidium) - Statistics

General Stats
  • This quiz has been taken 149 times
  • The average score is 12 of 15
Answer Stats
Main Character Movie % Correct
Chuky Childs Play
96%
Pennywise It
96%
Michael Myers Halloween
94%
Jigsaw Saw
94%
Freddy Krueger Nightmare on elm street
93%
Ghostface Scream
93%
Jason Voorhees Friday the 13th
92%
Jack Torrance The Shining
88%
Shark Jaws
86%
Slenderman Slender
86%
Pinhead Hellraiser
84%
Freddy Krueger and Jason Voorhees Freddy VS Jason
80%
Norman Bates Psycho
73%
Regan MacNeil The Exorcist
50%
Leatherface Leatherface
25%
No matching quizzes found
Score Distribution
Percent of People with Each Score
Percentile by Number Answered
Your Score History
You have not taken this quiz